Stability constants of metal-ion complexes.
Guardado en:
| Autor Principal: | |
|---|---|
| Otros Autores: | , |
| Formato: | Libro |
| Idioma: | English |
| Publicado: |
London :
Chemical Society,
1964.
|
| Edición: | 2nd ed. |
| Series: | Special publication (Royal Society of Chemistry (Great Britain)) ;
no. 17. |
| Materias: | |
| Etiquetas: |
Agregar Etiqueta
Sin Etiquetas, Sea el primero en etiquetar este registro!
|
| LEADER | 01355cam a2200313 a 4500 | ||
|---|---|---|---|
| 001 | EEA.libagro010359 | ||
| 008 | 710414s1964####enk######b####001#0#eng## | ||
| 005 | 20220425102838.0 | ||
| 245 | 1 | 0 | |a Stability constants of metal-ion complexes. |
| 250 | |a 2nd ed. | ||
| 260 | |a London : |b Chemical Society, |c 1964. | ||
| 300 | |a xviii, 754 p. ; |c 25 cm. | ||
| 490 | 1 | |a Chemical Society, London. Special publication ; |v no. 17 | |
| 500 | |a Título de la cubierta: Stability constants. | ||
| 500 | |a 1st ed., 1957-58, by J. Bjerrum, G. Schwarzenbach, and L. G. Sillén, was published as the Chemical Society's Special publication no. 6-7. | ||
| 504 | |a Incluye referencias bibliográficas. | ||
| 505 | 0 | |a section 1. Inorganic ligands, compiled by L. G. Sillén. -- section 2. Organic ligands, compiled by A. E. Martell. | |
| 100 | 1 | |a Sillén, Lars Gunnar, |d 1916-1970. | |
| 700 | 1 | |a Martell, Arthur Earl, |d 1916- | |
| 700 | 1 | |a Bjerrum, Jannik, |d 1909- |t Stability constants of metal-ion complexes. | |
| 830 | 0 | |a Special publication (Royal Society of Chemistry (Great Britain)) ; |v no. 17. | |
| 082 | 0 | 0 | |a 541.224 |
| 650 | 7 | |a Equilibrio químico |2 agrovoc | |
| 650 | 7 | |a Ligandos |2 agrovoc | |
| 653 | |a Complejo (química) | ||
| 010 | |a 78238341 | ||
| 040 | |a DLC |c DLC |d DLC | ||
| 050 | 0 | 0 | |a QD503 |b .S54 1964 |
| 859 | |a AR-BbBCA |b BIB. AGRONOMIA |h 541.224 |i S584 |p 1965/0128 | ||
